00876cam a22002534a 4500999001700000001000900017005001700026008004100043010001700084020001500101020001800116035002300134035002000157050002200177245002400199250005700223260004600280300005800326500002000384650002800404700005300432942001500485952012200500 c24626d246261389326920170130082937.0050309s2008 maua 001 0 eng  a 2005045896 a0321361466 a9780321361462 a(OCoLC)ocm58457454 a(OCoLC)5845745400aQA39.3 .M55 2008b00aMathematical ideas. aExpanded 11th ed. /bCharles D. Miller ... [et al.]. aBoston :bPearson/Addison Wesley,cc2008. axxiii, 1053, [92] p. :bill. (chiefly col.) ;c27 cm. aIncludes index. 0aMathematicsvTextbooks.1 aMiller, Charles D.q(Charles David),d1942-1986. 2lcccBOOKS 00102lcc4070aMUCbMUCcTECHd2017-01-30eDonation(BFA)l0oQA39.3 .M55 2007p32026r2018-07-26w2017-01-30yBOOKS